[Event "lovervshatergame1"]
[Site "http://www.queenalice.com/game.php?id=572382"]
[Date "2009.4.15"]
[Round "-"]
[White "checochomegood"]
[Black "xSmashOrBeSmashedx"]
[Result "1-0"]
[WhiteElo "1334"]
[BlackElo "1847"]

1. d4 e5 2. Nf3 e4 3. Ne5 d5 4. Bf4 Nf6 5. h3 Nbd7 6. e3 Nxe5 7. Bxe5 Bd6 8.
Bxd6 Qxd6 9. Nd2 O-O 10. Be2 b6 11. c4 c6 12. a3 Ba6 13. O-O Rac8 14. Rc1 c5 15.
Qa4 b5 16. cxb5 Bb7 17. dxc5 Rxc5 18. Qb4 Nd7 19. Nb3 Rfc8 20. Nxc5 Nxc5 21.
Rfd1 Qb6 22. Rc3 a5 23. Qd4 h6 24. Rdc1 Rc7 25. Rxc5 Rxc5 26. Rxc5 1-0

[Event "Challenge"]
[Site "http://www.queenalice.com/game.php?id=572388"]
[Date "2009.4.15"]
[Round "-"]
[White "checochomegood"]
[Black "regicide13"]
[Result "0-1"]
[WhiteElo "1334"]
[BlackElo "1855"]

1. d4 d5 2. c4 e6 3. Nc3 Nf6 4. cxd5 Nxd5 5. e4 Nxc3 6. bxc3 c5 7. Nf3 cxd4 8.
cxd4 Bb4+ 9. Bd2 Qa5 10. Be2 Bd7 11. O-O Bxd2 12. Nxd2 O-O 13. Nc4 Qg5 14. f4
Qe7 15. Bf3 Nc6 16. d5 Qc5+ 17. Kh1 Qxc4 18. dxc6 Bxc6 19. Qe1 f5 20. exf5 exf5
21. Bxc6 Qxc6 22. Rf2 Rae8 23. Qa5 Qf6 24. Rb1 a6 25. h3 Qd4 26. Rf3 Re4 27.
Rxb7 Rxf4 28. Rg3 Rf1+ 0-1

[Event "Challenge"]
[Site "http://www.queenalice.com/game.php?id=572675"]
[Date "2009.4.16"]
[Round "-"]
[White "ppaazziinnii"]
[Black "checochomegood"]
[Result "1-0"]
[WhiteElo "1600"]
[BlackElo "1496"]

1. e4 c6 2. Nf3 g6 3. Nc3 Bg7 4. g3 Nf6 5. Bg2 d6 6. d3 O-O 7. Be3 h6 8. Qd2 Kh7
9. O-O e5 10. d4 Ng4 11. Rfe1 Nxe3 12. Qxe3 Nd7 13. Rad1 Qc7 14. b4 Nb6 15. dxe5
dxe5 16. a4 Nc4 17. Qc5 Be6 18. b5 Na5 19. h4 Bg4 20. Nd5 Qc8 21. Kh2 b6 22. Qd6
cxb5 23. axb5 Nb7 24. Qe7 Nc5 25. Nf6+ Kh8 26. Qxe5 Nd7 27. Rxd7 Bxf3 28. Bxf3
Qxc2 29. Kg2 a5 30. Qd6 Qc3 31. Re2 Bxf6 32. e5 Bg7 33. Bxa8 Rxa8 34. Rxf7 Qc4
35. Rxg7 Qxe2 36. Qxg6 1-0

[Event "Challenge"]
[Site "http://www.queenalice.com/game.php?id=572678"]
[Date "2009.4.16"]
[Round "-"]
[White "ppaazziinnii"]
[Black "checochomegood"]
[Result "0-1"]
[WhiteElo "1694"]
[BlackElo "1334"]

1. e4 c5 2. Nf3 g6 3. Nc3 Nc6 4. g3 Bg7 5. Bg2 d6 6. O-O Nf6 7. d4 cxd4 8. Nxd4
Bd7 9. Be3 O-O 10. Re1 Ng4 11. Nxc6 bxc6 12. Qd2 Nxe3 13. Qxe3 Qa5 14. a3 Rab8
15. b4 Qc7 16. Rad1 a5 17. Rd4 Bxd4 18. Qxd4 axb4 19. axb4 Qb6 20. Qd3 Qxb4 21.
e5 d5 22. h4 Ra8 23. Re3 Qb2 24. Re2 Bg4 25. Re1 Bf5 26. Qe3 Ra3 27. Qh6 Qxc3
28. Re2 Be4 29. Bxe4 dxe4 30. Rxe4 Qf3 31. Rf4 Ra1+ 32. Kh2 Rh1# 0-1

[Event "AUTO-OPEN-1519"]
[Site "http://www.queenalice.com/game.php?id=574016"]
[Date "2009.4.18"]
[Round "1"]
[White "checochomegood"]
[Black "Reginato"]
[Result "1-0"]
[WhiteElo "1466"]
[BlackElo "1399"]

1. d4 d5 2. c4 c6 3. Nf3 dxc4 4. a4 Qa5+ 5. Bd2 Qf5 6. Nc3 Qh5 7. e4 Bg4 8. Be2
Bxf3 9. Bxf3 Qg6 10. O-O a5 11. Qe2 e6 12. Qxc4 Bb4 13. d5 Ne7 14. Rad1 O-O 15.
Na2 Bd6 16. dxe6 fxe6 17. Bg5 Bxh2+ 18. Kxh2 Qxg5 19. Qxe6+ Kh8 20. Rh1 1-0

[Event "AUTO-OPEN-1519"]
[Site "http://www.queenalice.com/game.php?id=574017"]
[Date "2009.4.18"]
[Round "1"]
[White "Reginato"]
[Black "checochomegood"]
[Result "0-1"]
[WhiteElo "1399"]
[BlackElo "1429"]

1. d4 Nf6 2. d5 c6 3. c4 g6 4. Bf4 Bg7 5. Qb3 O-O 6. d6 Nh5 7. Bg5 Qa5+ 8. Bd2
Qe5 9. dxe7 Qxe7 10. c5 Na6 11. Be3 Nxc5 12. Qa3 d6 13. Bxc5 dxc5 14. Nc3 b5 15.
Qb3 c4 16. Qc2 Bf5 17. Qc1 Nf4 18. e3 Rfe8 19. Be2 Nxg2+ 20. Kf1 Nh4 0-1

[Event "Hater vs xHaterx Game 2"]
[Site "http://www.queenalice.com/game.php?id=605090"]
[Date "2009.6.17"]
[Round "-"]
[White "xSmashOrBeSmashedx"]
[Black "checochomegood"]
[Result "0-1"]
[WhiteElo "1933"]
[BlackElo "1429"]

1. e4 c5 2. b4 cxb4 3. a3 Nc6 4. axb4 Nxb4 5. c3 Nc6 6. d4 g6 7. Nf3 Bg7 8. Na3
d6 9. Bc4 Nf6 10. Ng5 O-O 11. O-O h6 12. Nf3 a6 13. Bb3 Nxe4 14. Nb5 Bf5 15. d5
Nb4 16. Ra4 axb5 17. Rxb4 Qa5 18. Be3 Nxc3 19. Qd2 Qxb4 20. Nd4 Bd7 21. Rc1 Rfc8
22. Bd1 Ra2 23. Qxa2 Nxa2 0-1

[Event "Challenge"]
[Site "http://www.queenalice.com/game.php?id=622569"]
[Date "2009.7.21"]
[Round "-"]
[White "montelo"]
[Black "checochomegood"]
[Result "0-1"]
[WhiteElo "1856"]
[BlackElo "1532"]

1. e4 c5 2. Bc4 Nc6 3. Qf3 Ne5 4. Qd3 Nxc4 5. Qxc4 e6 6. Nf3 a6 7. d3 d5 8. Qa4+
b5 9. Qb3 Nf6 10. Bg5 Be7 11. Ne5 Bb7 12. f3 Qc7 13. Bf4 Nh5 14. Nxf7 Qxf4 15.
Nxh8 Qc1+ 16. Kf2 Qxh1 17. h3 Bh4+ 18. Ke3 Qe1# 0-1

[Event "Challenge"]
[Site "http://www.queenalice.com/game.php?id=622570"]
[Date "2009.7.21"]
[Round "-"]
[White "checochomegood"]
[Black "montelo"]
[Result "1-0"]
[WhiteElo "1471"]
[BlackElo "1856"]

1. d4 c5 2. Nf3 cxd4 3. Nxd4 f5 4. Nc3 e6 5. g3 Nf6 6. Bg2 Qb6 7. O-O Bc5 8. Na4
Qc7 9. Nxc5 Qxc5 10. Be3 Qb4 11. Nb3 Nc6 12. Bc5 Qb5 13. Qd6 Qxe2 14. Bxc6 Kd8
15. Nd4 Qa6 16. Nxe6+ Ke8 17. Qe7# 1-0

[Event "AUTO-OPEN-1519"]
[Site "http://www.queenalice.com/game.php?id=629835"]
[Date "2009.8.3"]
[Round "2"]
[White "rocha"]
[Black "checochomegood"]
[Result "0-1"]
[WhiteElo "1518"]
[BlackElo "1625"]

1. e4 c5 2. d3 g6 3. Nc3 Bg7 4. Na4 d6 5. Bd2 Nf6 6. f3 Bd7 7. Nc3 Nc6 8. Nb5 a6
9. Na3 O-O 10. h3 d5 11. c3 e5 12. Bg5 d4 13. Qd2 Qa5 14. Nc4 Qc7 15. Rb1 b5 16.
Na3 Be6 17. b4 dxc3 18. Qxc3 cxb4 19. Rxb4 Qa5 0-1

[Event "AUTO-OPEN-1519"]
[Site "http://www.queenalice.com/game.php?id=629836"]
[Date "2009.8.3"]
[Round "2"]
[White "checochomegood"]
[Black "rocha"]
[Result "1-0"]
[WhiteElo "1641"]
[BlackElo "1518"]

1. d4 d5 2. c4 Nf6 3. Nc3 dxc4 4. e3 Bg4 5. Nf3 c6 6. Bxc4 e6 7. O-O a6 8. a3 h5
9. h3 Bf5 10. Qe2 Ne4 11. Nd2 Qh4 12. Nf3 Nxc3 13. bxc3 b5 14. Nxh4 Rh6 15. e4
Bxe4 16. Bxh6 bxc4 17. Qxe4 gxh6 18. Rab1 Kd7 19. Rb7+ Ke8 20. Rfb1 Nd7 21. Qxc6
1-0

[Event "AUTO-OPEN-1519"]
[Site "http://www.queenalice.com/game.php?id=629841"]
[Date "2009.8.3"]
[Round "2"]
[White "checochomegood"]
[Black "cinics"]
[Result "0-1"]
[WhiteElo "1584"]
[BlackElo "2319"]

1. d4 d5 2. c4 e6 3. Nc3 Nf6 4. cxd5 exd5 5. Bg5 Bb4 6. e3 Bf5 7. Bd3 Be6 8. Ne2
O-O 9. O-O Nbd7 10. e4 dxe4 11. Nxe4 h6 12. Bh4 g5 13. Bg3 Nxe4 14. Bxe4 c6 15.
Bc2 Bc4 16. a3 Re8 17. Bd3 Bxd3 18. Qxd3 Ba5 19. Nc3 Nc5 20. Qc4 Bxc3 21. dxc5
Bxb2 22. Rab1 Qd2 23. Qg4 Rad8 24. Bd6 b5 25. Qh5 Re6 26. h4 Qe2 0-1

[Event "AUTO-OPEN-1519"]
[Site "http://www.queenalice.com/game.php?id=629842"]
[Date "2009.8.3"]
[Round "2"]
[White "cinics"]
[Black "checochomegood"]
[Result "1-0"]
[WhiteElo "2333"]
[BlackElo "1584"]

1. e4 c5 2. Nf3 g6 3. c3 Nc6 4. d4 cxd4 5. cxd4 Bg7 6. Nc3 d6 7. Bc4 Nf6 8. Be3
O-O 9. Qd2 Na5 10. Bd3 Re8 11. O-O a6 12. Bh6 Bh8 13. Rac1 b6 14. h3 Bb7 15. Ng5
Rc8 16. b4 Nc4 17. Qe2 b5 18. a4 Qd7 19. axb5 axb5 20. Nxb5 Nb6 21. Qa2 e6 22.
Qa7 Bg7 23. Bxg7 1-0

[Event "hardgrave road hellhounds"]
[Site "http://www.queenalice.com/game.php?id=642332"]
[Date "2009.8.25"]
[Round "-"]
[White "checochomegood"]
[Black "regicide13"]
[Result "1-0"]
[WhiteElo "1584"]
[BlackElo "1885"]

1. d4 d5 2. c4 dxc4 3. e3 e6 4. Nc3 Nf6 5. Nf3 c6 6. Bxc4 b5 7. Bb3 a5 8. O-O
Ba6 9. Re1 a4 10. Bc2 Be7 11. Ne2 O-O 12. e4 Qb6 13. Bd2 c5 14. h3 cxd4 15. Bg5
Re8 16. Ng3 h6 17. Bxf6 Bxf6 18. e5 Bg5 19. Nxg5 hxg5 20. Qh5 g6 21. Bxg6 fxg6
22. Qxg6+ Kh8 23. Qxe8+ 1-0

[Event "Challenge"]
[Site "http://www.queenalice.com/game.php?id=664517"]
[Date "2009.10.8"]
[Round "-"]
[White "galo4kid"]
[Black "checochomegood"]
[Result "0-1"]
[WhiteElo "1711"]
[BlackElo "1656"]

1. g3 e5 2. e4 g6 3. Nf3 Bg7 4. b3 d5 5. exd5 e4 6. Bb5+ Bd7 7. Qe2 Ne7 8. Bxd7+
Qxd7 9. c3 exf3 10. Qxf3 Qxd5 11. Qxd5 Nxd5 12. O-O O-O 13. f4 Re8 14. d4 Nxc3
15. Nxc3 Bxd4+ 16. Kg2 Bxc3 17. Rb1 Nc6 18. Rf3 Bd4 19. a3 Re2+ 20. Kh3 Re1 21.
b4 a6 22. Rfb3 Rae8 23. Kg4 Kg7 24. Bd2 Rxb1 25. Rxb1 Re2 26. Rd1 Rxh2 27. Bc1
f5+ 28. Kf3 Rf2# 0-1

[Event "Challenge"]
[Site "http://www.queenalice.com/game.php?id=673247"]
[Date "2009.10.27"]
[Round "-"]
[White "checochomegood"]
[Black "xSmashOrBeSmashedx"]
[Result "1/2-1/2"]
[WhiteElo "1723"]
[BlackElo "1865"]

1. d4 e5 2. g3 exd4 3. Qxd4 Nc6 4. Qe4+ Be7 5. Nc3 Nf6 6. Qa4 O-O 7. Bg2 d5 8.
Bg5 Bd7 9. Qh4 d4 10. Nb1 Nb4 11. Kd1 Bf5 12. Na3 Re8 13. Bh3 Be4 14. f3 Bc6 15.
Ke1 Nfd5 16. Bxe7 Qxe7 17. Qxe7 Rxe7 18. Kf2 Rae8 19. Rd1 Ne3 20. Rxd4 Nbxc2 21.
Nxc2 Nxc2 22. Rf4 Bb5 23. e4 Rd8 24. g4 f6 25. Kg3 Bd7 26. Ne2 Rf7 27. Rd1 g5
28. Rf5 Bxf5 29. Rxd8+ Rf8 30. Rxf8+ Kxf8 31. exf5 Ne3 32. f4 Ke7 33. fxg5 fxg5
34. Kf3 Nc4 35. b3 Ne5+ 36. Ke4 Kd6 37. Bf1 Nxg4 38. Nd4 Nxh2 39. Be2 g4 40. Kf4
h5 41. Kg3 Nf3 42. Bxf3 gxf3 43. Nxf3 Ke7 44. Kh4 Kf6 45. Nd4 c5 46. Ne6 b6 47.
Ng7 Kxg7 48. Kxh5 Kf6 49. Kg4 b5 50. Kf4 c4 51. bxc4 bxc4 52. Ke4 c3 53. Kd3
Kxf5 54. Kxc3 Ke5 55. Kc4 Kd6 56. Kb5 1/2-1/2

[Event "Challenge"]
[Site "http://www.queenalice.com/game.php?id=674072"]
[Date "2009.10.28"]
[Round "-"]
[White "checochomegood"]
[Black "regicide13"]
[Result "1-0"]
[WhiteElo "1678"]
[BlackElo "1922"]

1. d4 d5 2. c4 e6 3. Nc3 Nf6 4. cxd5 Nxd5 5. e4 Nxc3 6. bxc3 c5 7. Nf3 Be7 8.
Bd3 O-O 9. O-O cxd4 10. cxd4 Nc6 11. Be3 a6 12. Qe2 Rb8 13. Rfc1 Bd7 14. Rab1
Nb4 15. Bc4 b5 16. Bb3 a5 17. Ne5 Bf6 18. Qg4 Bxe5 19. dxe5 f5 20. exf5 Rxf5 21.
Qxf5 1-0

[Event "Challenge"]
[Site "http://www.queenalice.com/game.php?id=682460"]
[Date "2009.11.13"]
[Round "-"]
[White "checochomegood"]
[Black "thomas01"]
[Result "1-0"]
[WhiteElo "1709"]
[BlackElo "1615"]

1. d4 f5 2. e4 d6 3. Nc3 h6 4. Be3 Nf6 5. f3 d5 6. e5 Nh5 7. f4 g6 8. Be2 Ng7 9.
Nf3 a6 10. O-O Nc6 11. Na4 b6 12. c4 e6 13. Rc1 Bd7 14. cxd5 exd5 15. Nc3 Be6
16. Qa4 Bd7 17. Nxd5 Nxe5 18. Nxc7+ Kf7 19. Nxe5+ Ke7 20. Qb4+ Kf6 21. Nd5+ Ke6
22. Qb3 Kd6 23. Nf7+ 1-0

[Event "Challenge"]
[Site "http://www.queenalice.com/game.php?id=691298"]
[Date "2009.12.1"]
[Round "-"]
[White "regicide13"]
[Black "checochomegood"]
[Result "0-1"]
[WhiteElo "1929"]
[BlackElo "1729"]

1. e4 c5 2. Nf3 g6 3. d4 cxd4 4. Qxd4 Nf6 5. e5 Nc6 6. Qc3 Nd5 7. Qb3 Nb6 8. Ng5
e6 9. Bf4 Bg7 10. Qc3 Nd5 11. Qf3 Nxf4 12. Qxf4 Qa5+ 13. Nc3 Qxe5+ 14. Qxe5 Bxe5
15. Bd3 Bxc3+ 16. bxc3 O-O 17. h4 f5 18. h5 h6 19. Nf3 g5 20. Nh2 d5 21. g4 e5
22. O-O-O e4 23. Be2 Ne7 24. f3 Be6 25. a4 f4 26. fxe4 dxe4 27. Rd6 Rf6 28. Bc4
Kf7 29. Bxe6+ Rxe6 30. Rd7 Rb8 31. Rhd1 a6 32. Kd2 b5 33. a5 Ke8 34. Ke2 Rc8 35.
R1d6 Rxd6 36. Rxd6 Rc6 37. Rd4 Re6 38. Nf1 Nc6 39. Rd5 Nxa5 40. Nd2 Ke7 41. Rd4
f3+ 42. Ke3 f2 43. Nf1 Nc4+ 44. Kxf2 Rf6+ 45. Ke2 Rf4 46. Ng3 Rxg4 47. Rxe4+
Rxe4+ 48. Nxe4 a5 49. Kd1 Ne3+ 50. Kc1 Nd5 51. Kb2 Nf6 52. Ng3 Ke6 53. Kb3 Kd5
54. Nf5 g4 55. Nxh6 g3 56. Nf5 Nxh5 57. Ne3+ Ke4 58. Ng2 Kf3 59. Nh4+ Kg4 60.
Ng2 Kh3 61. Ne1 Nf4 62. c4 bxc4+ 63. Kxc4 Ng2 64. Nf3 Ne3+ 65. Kb5 Nxc2 66. Kxa5
g2 67. Ng1+ Kh2 68. Nf3+ Kh1 0-1